=LDR 00000nam 2200000 4500 =001 INLIS000000000028510 =005 20200219043952 =035 ##$$a 0010-061300000028510 =008 200219################g##########0#ind## =041 ##$$a Ind =082 ##$$a 131 =090 ##$$a 131, Sya i =100 ##$$a Syam, Ardian =245 1#$$a Instrumen Orang Sukses, /$c Ardian Syam =260 ##$$a Jakarta :$b Fakultas Ekonomi Universitas Indonesia,$c 2007 =300 ##$$a ix, 112 hlm, : $b Ilus. ; $c 13 x 18 cm =650 #4$$a Sukses =850 ##$$a NBPNMAT =020 ##$$a 978-979-24-5227-3 =084 ##$$a 131 SYA i =250 ##$$a Cet.1 =990 ##$$a 00085332 =990 ##$$a 30709726 =990 ##$$a 30709725